000 00490cam a2200157 4500
001 J63155
008 000000n1998 000 0 eng u
035 _a(Sirsi) u110133
110 _aIncorporated Society of Valuers and Auctioneers
_91201
245 _aISVA introduction to membership 1998
260 _aLondon
_bISVA
_c1998
300 _a24p. ; 21cm.
650 _aABOUT RICS-RELATED ORGANISATIONS-INCORPORATED SOCIETY OF VALUERS AND AUCTIONEERS
650 _aMEMBERSHIP
942 _n0
999 _c101060
_d101060